workbook THE PRETICE HAII GUIDE FOR COLLEGE WRITERS (Record no. 26044)

MARC details
000 -LEADER
fixed length control field 00409nam a22001697a 4500
003 - CONTROL NUMBER IDENTIFIER
control field OSt
005 - DATE AND TIME OF LATEST TRANSACTION
control field 20220105082430.0
008 - FIXED-LENGTH DATA ELEMENTS--GENERAL INFORMATION
fixed length control field 220105b |||||||| |||| 00| 0 eng d
020 ## - INTERNATIONAL STANDARD BOOK NUMBER
International Standard Book Number 0131501526
040 ## - CATALOGING SOURCE
Transcribing agency hu
082 ## - DEWEY DECIMAL CLASSIFICATION NUMBER
Classification number 808,042
100 ## - MAIN ENTRY--PERSONAL NAME
Personal name reid stephen
9 (RLIN) 27143
245 ## - TITLE STATEMENT
Title workbook THE PRETICE HAII GUIDE FOR COLLEGE WRITERS
260 ## - PUBLICATION, DISTRIBUTION, ETC.
Place of publication, distribution, etc. USA
Name of publisher, distributor, etc. HALL
Date of publication, distribution, etc. 1981
300 ## - PHYSICAL DESCRIPTION
Extent 234
942 ## - ADDED ENTRY ELEMENTS (KOHA)
Source of classification or shelving scheme Dewey Decimal Classification
Koha item type Books like text book referance book
Suppress in OPAC No
Holdings
Withdrawn status Lost status Source of classification or shelving scheme Damaged status Not for loan Home library Current library Shelving location Date acquired Total Checkouts Full call number Barcode Date last seen Copy number Price effective from Koha item type
    Dewey Decimal Classification     Social Library Social Library General Stacks 01/05/2022   808,042/REI SHLIB 00011223 01/05/2022 C1 01/05/2022 Books like text book referance book